Statisztikai évkönyv 1984

Enregistré dans:
Détails bibliographiques
Format: Livre
Langue:hongrois
Publié: Budapest Központi Statisztikai Hivatal 1985
Tags: Ajouter un tag
Pas de tags, Soyez le premier à ajouter un tag!

MARC

LEADER 00000nam a2200000 4500
001 c110211
005 20041019155146.2
041 0 |a hun 
044 |a HU 
245 1 0 |a Statisztikai évkönyv 1984 
264 1 |a Budapest  |b Központi Statisztikai Hivatal  |c 1985 
300 |a 398 s.